[Event "Interclubs Adultes"]
[Site "Montpellier"]
[Date "2008.04.11"]
[Round "5.7"]
[White "Goldsztejn, Gildas"]
[Black "Edouard, Romain"]
[Result "1/2-1/2"]
[WhiteElo "2355"]
[BlackElo "2509"]
[PlyCount "0"]
[EventDate "11.??.??"]
[WhiteTeam "Marseille Echecs"]
[BlackTeam "Clichy"]

 1. Nf3 c5 2. c4 Nf6 3. Nc3 Nc6 4. d4 cxd4 5. Nxd4 e6 6. g3 Qb6 7. Ndb5 Ne5 8.
Bf4 Nfg4 9. e3 a6 10. Nc7+ Qxc7 11. Qxg4 d6 12. Qe2 Bd7 13. Bxe5 dxe5 14. Bg2
Bc6 15. O-O Bxg2 16. Kxg2 Rc8 17. b3 Qc6+ 18. Qf3 Qxf3+ 19. Kxf3 b5 20. Rac1
Bb4 21. a4 bxc4 22. Na2 Ba3 23. Rc3 f5 24. bxc4 e4+ 25. Ke2 Bd6 26. Rb1 Kd7 27.
Nb4 Rb8 28. c5 a5 29. Rd1 Rxb4 30. Rxd6+ Ke7 31. Rd4 Rxd4 32. exd4 Rb8 33. c6
Kd6 34. Rc5 h5 35. h4 Kc7 36. Rb5 Rb6 37. Rxa5 Kxc6 38. Rc5+ Kd6 39. Rb5 Rc6
40. Rb7 Rc2+ 41. Ke1 Ra2 42. Rxg7 Rxa4 43. Rh7 Rxd4 44. Rxh5 Ke5 45. Rh8 Ra4
46. Ke2 Ra2+ 47. Ke3 Ra3+ 48. Ke2 Kf6 49. Rb8 Ra5 50. Rb6 Ra2+ 1/2-1/2

[Event "Interclubs Adultes"]
[Site "Montpellier"]
[Date "2008.04.11"]
[Round "5.1"]
[White "Sokolov, Andrei"]
[Black "Prie, Eric"]
[Result "1/2-1/2"]
[WhiteElo "2596"]
[BlackElo "2520"]
[PlyCount "33"]
[EventDate "11.??.??"]
[WhiteTeam "Mulhouse"]
[BlackTeam "Montpellier"]

1. e4 d5 2. exd5 Qxd5 3. Nc3 Qa5 4. d4 Nf6 5. Nf3 c6 6. Ne5 Bf5 7. Bd3 Bxd3 8.
Qxd3 Nbd7 9. Nxd7 Nxd7 10. O-O e6 11. Bf4 Be7 12. Rfe1 O-O 13. Ne4 Rfe8 14. c3
Qf5 15. Qg3 Nf8 16. Bd6 Ng6 17. Bxe7 1/2-1/2

[Event "Interclubs Adultes"]
[Site "Montpellier"]
[Date "2008.04.11"]
[Round "5.4"]
[White "Libiszewski, Fabien"]
[Black "Georgiev, Vladimir"]
[Result "1/2-1/2"]
[WhiteElo "2465"]
[BlackElo "2572"]
[PlyCount "86"]
[EventDate "11.??.??"]
[WhiteTeam "Montpellier"]
[BlackTeam "Mulhouse"]

1. e4 e5 2. Nf3 Nc6 3. Bb5 a6 4. Ba4 Nf6 5. O-O b5 6. Bb3 Bc5 7. a4 Bb7 8. d3
b4 9. a5 O-O 10. Be3 Be7 11. Nbd2 d5 12. c3 Rb8 13. h3 dxe4 14. dxe4 Bd6 15.
Qc2 Qe7 16. Nh4 Bc8 17. Nf5 Bxf5 18. exf5 e4 19. Nc4 bxc3 20. bxc3 Ne5 21. Bd4
Nd3 22. Rab1 Bc5 23. Ne3 Rb5 24. Bc4 Rxa5 25. Bxd3 exd3 26. Qxd3 Qe4 27. Qc4
Bxd4 28. cxd4 Nd5 29. Nxd5 Rxd5 30. Qxc7 Qxd4 31. Ra1 Qd3 32. Qa7 Qxf5 33. Qxa6
Rfd8 34. Qc6 h5 35. Ra8 Rxa8 36. Qxa8+ Kh7 37. Qa2 Rc5 38. Qa4 Qg6 39. Re1 Rc3
40. Qe4 Qxe4 41. Rxe4 Rc1+ 42. Kh2 Rf1 43. Kg3 g6 1/2-1/2

[Event "Interclubs Adultes"]
[Site "Montpellier"]
[Date "2008.04.11"]
[Round "5.5"]
[White "Wirig, Anthony"]
[Black "Maze, Sebastien"]
[Result "1/2-1/2"]
[WhiteElo "2477"]
[BlackElo "2565"]
[PlyCount "48"]
[EventDate "11.??.??"]
[WhiteTeam "Mulhouse"]
[BlackTeam "Montpellier"]

1. c4 Nf6 2. Nc3 g6 3. g3 Bg7 4. Bg2 O-O 5. d4 d6 6. Nf3 Nc6 7. O-O Bg4 8. h3
Bxf3 9. Bxf3 Nd7 10. e3 e5 11. d5 Ne7 12. Bd2 f5 13. Qc2 e4 14. Bg2 c5 15. dxc6
bxc6 16. Ne2 Rb8 17. Bc3 Bxc3 18. Qxc3 Qb6 19. b3 Ne5 20. Rfd1 Qc5 21. Nd4 Kf7
22. f4 exf3 23. Nxf3 Nxf3+ 24. Bxf3 Rfd8 1/2-1/2

[Event "Interclubs Adultes"]
[Site "Montpellier"]
[Date "2008.04.11"]
[Round "5.6"]
[White "Flear, Glenn C"]
[Black "Riff, Jean-Noel"]
[Result "1-0"]
[WhiteElo "2508"]
[BlackElo "2487"]
[PlyCount "81"]
[EventDate "11.??.??"]
[WhiteTeam "Montpellier"]
[BlackTeam "Mulhouse"]

1. d4 Nf6 2. c4 e6 3. Nf3 Nc6 4. a3 d6 5. Nc3 g6 6. e4 Bg7 7. h3 O-O 8. Bg5 h6
9. Be3 Re8 10. Bd3 Nd7 11. Be2 Nb6 12. O-O d5 13. b3 dxe4 14. Nxe4 f5 15. Nc5
g5 16. Qc2 Nd7 17. Nxd7 Qxd7 18. Rad1 Qe7 19. b4 Nd8 20. Ne5 Nc6 21. Nxc6 bxc6
22. f4 a5 23. Bf3 axb4 24. axb4 Ra6 25. c5 Bd7 26. Be2 Ra7 27. Bc4 Kh8 28. Qe2
Bf6 29. Rd3 Rg8 30. Re1 g4 31. Bf2 h5 32. hxg4 hxg4 33. Bxe6 Rd8 34. d5 Bxe6
35. dxe6 Raa8 36. Qc2 Qh7 37. Red1 Rxd3 38. Qxd3 Qg6 39. g3 Re8 40. Qd7 Re7 41.
Qxc6 1-0

[Event "Interclubs Adultes"]
[Site "Montpellier"]
[Date "2008.04.11"]
[Round "5.8"]
[White "Milliet, Sophie"]
[Black "Muller, Anne"]
[Result "1-0"]
[WhiteElo "2354"]
[BlackElo "2165"]
[PlyCount "61"]
[EventDate "11.??.??"]
[WhiteTeam "Montpellier"]
[BlackTeam "Mulhouse"]

1. e4 c5 2. Nf3 d6 3. d4 cxd4 4. Nxd4 Nf6 5. Nc3 Nc6 6. Bg5 e6 7. Qd2 Be7 8.
O-O-O Nxd4 9. Qxd4 O-O 10. f4 Qa5 11. Kb1 h6 12. h4 Rd8 13. Bd3 Bd7 14. Qe3 Bc6
15. e5 dxe5 16. fxe5 Ng4 17. Qg3 hxg5 18. hxg5 Qxe5 19. Qh3 g6 20. Rdf1 Qg7 21.
Qxg4 Rd4 22. Qg3 Rad8 23. Rh6 b5 24. Rfh1 Bc5 25. Qh2 Kf8 26. Qc7 R4d7 27. Qxc6
Bd4 28. Ne4 Qe5 29. Nf6 Rc7 30. Rh8+ Ke7 31. Rxd8 1-0

[Event "Interclubs Adultes"]
[Site "Montpellier"]
[Date "2008.04.11"]
[Round "5.1"]
[White "Damljanovic, Branko"]
[Black "Kozakov, Mikhail"]
[Result "0-1"]
[WhiteElo "2595"]
[BlackElo "2449"]
[PlyCount "60"]
[EventDate "11.??.??"]
[WhiteTeam "Antibes"]
[BlackTeam "Bois Colombes"]

1. Nf3 Nf6 2. c4 g6 3. Nc3 d5 4. Qa4+ c6 5. cxd5 Nxd5 6. g3 Bg7 7. Bg2 O-O 8.
O-O e5 9. d3 Na6 10. Bg5 Qb6 11. Rab1 h6 12. Bd2 Nc5 13. Qa3 Ne6 14. Rfc1 Qd8
15. Ne4 Re8 16. Ba5 b6 17. Rxc6 Bb7 18. Rd6 Qb8 19. Be1 Bf8 20. Nxe5 Qc7 21. f4
Nd4 22. Rxd5 Nxe2+ 23. Kf1 Bxa3 24. Rd7 Qc2 25. Nf6+ Kh8 26. Bxb7 Re7 27. Bxa8
Rxd7 28. Nfxd7 Nd4 29. bxa3 Qxb1 30. Bd5 Nc2 0-1

[Event "Interclubs Adultes"]
[Site "Montpellier"]
[Date "2008.04.11"]
[Round "5.3"]
[White "Miralles, Gilles"]
[Black "Landenbergue, Claude"]
[Result "1/2-1/2"]
[WhiteElo "2490"]
[BlackElo "2440"]
[PlyCount "53"]
[EventDate "11.??.??"]
[WhiteTeam "Antibes"]
[BlackTeam "Bois Colombes"]

1. e4 c5 2. Nf3 d6 3. d4 cxd4 4. Nxd4 Nf6 5. Nc3 a6 6. Bg5 Nc6 7. Qd2 e6 8.
O-O-O Bd7 9. f3 h6 10. Be3 h5 11. Bd3 b5 12. Rhe1 Be7 13. Kb1 Na5 14. Bg1 Qc7
15. f4 b4 16. Nce2 Nc4 17. Bxc4 Qxc4 18. e5 dxe5 19. fxe5 Nd5 20. b3 Qc7 21.
Nf5 exf5 22. Qxd5 Rc8 23. Nd4 Be6 24. Nxe6 Qxc2+ 25. Ka1 Qc3+ 26. Kb1 Qc2+ 27.
Ka1 1/2-1/2

[Event "Interclubs Adultes"]
[Site "Montpellier"]
[Date "2008.04.11"]
[Round "5.5"]
[White "Santo-Roman, Marc"]
[Black "Le Roy, Brice"]
[Result "1-0"]
[WhiteElo "2395"]
[BlackElo "2301"]
[PlyCount "55"]
[EventDate "11.??.??"]
[WhiteTeam "Antibes"]
[BlackTeam "Bois Colombes"]

1. e4 c5 2. Nf3 g6 3. c4 Bg7 4. d4 cxd4 5. Nxd4 Nc6 6. Be3 Nf6 7. Nc3 Ng4 8.
Qxg4 Nxd4 9. Qd1 e5 10. Nb5 Nxb5 11. cxb5 O-O 12. Bc4 Qe7 13. Qb3 Kh8 14. O-O-O
f5 15. h4 fxe4 16. h5 gxh5 17. Rxh5 d5 18. Bxd5 Bg4 19. Rhh1 Bxd1 20. Qxd1 Bf6
21. Qh5 a6 22. g4 Rg8 23. bxa6 Rxa6 24. Bxg8 Kxg8 25. g5 Qc7+ 26. Kb1 Bd8 27.
Qe8+ Kg7 28. Rd1 1-0

[Event "Interclubs Adultes"]
[Site "Montpellier"]
[Date "2008.04.11"]
[Round "5.6"]
[White "Pietrasanta, Jeremy"]
[Black "Bijaoui, Manuel"]
[Result "1/2-1/2"]
[WhiteElo "2280"]
[BlackElo "2388"]
[PlyCount "47"]
[EventDate "11.??.??"]
[WhiteTeam "Bois Colombes"]
[BlackTeam "Antibes"]

1. e4 c5 2. Nf3 d6 3. g3 Nf6 4. d3 g6 5. Bg2 Bg7 6. O-O Nc6 7. Re1 O-O 8. c3 e5
9. a3 Re8 10. b4 a6 11. Nbd2 h6 12. Nb3 b6 13. Rb1 Qc7 14. Nfd2 Be6 15. Nc4
Rad8 16. Ne3 cxb4 17. cxb4 d5 18. exd5 Nxd5 19. Bb2 Nxe3 20. Rxe3 Bd5 21. Rc1
Qd7 22. Nd2 h5 23. Bxd5 Qxd5 24. Qa4 Nd4 25. Bxd4 Qxd4 26. Nf3 Qd5 27. Rce1 f6
28. Nh4 Bh6 29. Re4 Qxd3 30. Nxg6 Bd2 31. R1e2 Kh7 32. Nh4 Bg5 33. Re1 Bd2 34.
R1e2 Bg5 35. Qc2 Qxc2 36. Rxc2 Rd1+ 37. Kg2 Rc1 38. Rxc1 Bxc1 39. a4 b5 40.
axb5 axb5 41. f4 Bb2 42. Re2 Bc3 43. Rc2 Bxb4 44. Rb2 Bd6 45. Rxb5 exf4 46.
Rxh5+ Kg8 47. g4 Re2+ 48. Kg1 Be5 49. Nf3 Kg7 50. Kf1 Ra2 51. Nh4 Ra1+ 52. Ke2
Ra2+ 53. Kf3 Ra3+ 54. Ke4 Ra4+ 55. Kf3 Ra3+ 56. Ke2 Ra2+ 57. Kd3 Ra3+ 58. Ke4
Ra4+ 1/2-1/2

[Event "Interclubs Adultes"]
[Site "Montpellier"]
[Date "2008.04.11"]
[Round "5.7"]
[White "Acher, Mathieu"]
[Black "Metzger, Clement"]
[Result "1-0"]
[WhiteElo "2381"]
[BlackElo "2165"]
[PlyCount "73"]
[EventDate "11.??.??"]
[WhiteTeam "Antibes"]
[BlackTeam "Bois Colombes"]

1. e4 c5 2. Nf3 Nc6 3. Bb5 e6 4. O-O Nge7 5. b3 a6 6. Bxc6 Nxc6 7. Bb2 d6 8. d4
cxd4 9. Nxd4 e5 10. Nxc6 bxc6 11. f4 exf4 12. Qh5 Qb6+ 13. Kh1 Qb5 14. Qf3 Be7
15. Qxf4 Be6 16. Nd2 Qg5 17. Qxg5 Bxg5 18. Bxg7 Rg8 19. Bc3 Bxd2 20. Bxd2 Rg4
21. Rf4 Rxf4 22. Bxf4 f5 23. e5 dxe5 24. Bxe5 Bd5 25. Kg1 Kd7 26. Kf2 Be4 27.
c4 Ke6 28. Bf4 Rd8 29. Rc1 Rd3 30. c5 Kd5 31. Rc4 Rd1 32. Ra4 Rb1 33. Rxa6 Rb2+
34. Ke3 Kxc5 35. g4 Bb1 36. gxf5 Kb5 37. f6 1-0

[Event "Interclubs Adultes"]
[Site "Montpellier"]
[Date "2008.04.11"]
[Round "5.8"]
[White "Aflalo, Sophie"]
[Black "Cochet, Caroline"]
[Result "1-0"]
[WhiteElo "1959"]
[BlackElo "2075"]
[PlyCount "93"]
[EventDate "11.??.??"]
[WhiteTeam "Bois Colombes"]
[BlackTeam "Antibes"]

1. e4 c5 2. Nf3 e6 3. d4 cxd4 4. Nxd4 a6 5. Be3 Qc7 6. g3 Nf6 7. Bg2 Be7 8. O-O
O-O 9. Nc3 d6 10. a4 Nc6 11. Nb3 Ne5 12. Nd2 Neg4 13. Bg5 h6 14. Bxf6 Nxf6 15.
Kh1 Bd7 16. Qe2 Rac8 17. f4 Bc6 18. Nf3 d5 19. e5 Nd7 20. Nd4 Qb6 21. Qd2 Bc5
22. Nce2 Qc7 23. c3 b5 24. a5 Rb8 25. b4 Be7 26. Rae1 Bb7 27. Rf3 Rbc8 28. g4
Nb8 29. Rh3 Nc6 30. g5 hxg5 31. Qd3 g6 32. Nxe6 Qd7 33. Nxf8 Bxf8 34. Nd4 Nxd4
35. cxd4 Qe6 36. fxg5 Bxb4 37. Rf1 Rc3 38. Qxc3 Bxc3 39. Rxc3 b4 40. Rc7 Bc8
41. Rf6 Qg4 42. Rcxf7 Be6 43. Re7 Qd1+ 44. Rf1 Qg4 45. h3 Qxd4 46. Rxe6 b3 47.
Ref6 1-0

[Event "Interclubs Adultes"]
[Site "Montpellier"]
[Date "2008.04.11"]
[Round "5.1"]
[White "Abergel, Thal"]
[Black "Kasimdzhanov, Rustam"]
[Result "1/2-1/2"]
[WhiteElo "2520"]
[BlackElo "2681"]
[PlyCount "41"]
[EventDate "11.??.??"]
[WhiteTeam "Marseille Duchamps"]
[BlackTeam "Vandoeuvre"]

1. d4 f5 2. Qd3 e6 3. g4 fxg4 4. h3 g3 5. Qxg3 Nf6 6. Nf3 c5 7. Nc3 cxd4 8.
Nxd4 Nc6 9. Nxc6 bxc6 10. e4 d5 11. Bd3 d4 12. e5 Nd5 13. Ne4 Nb4 14. Rg1 Nxd3+
15. Qxd3 Qd5 16. Rg4 c5 17. c4 dxc3 18. Qxc3 Ba6 19. Bg5 Qd3 20. Qxd3 Bxd3 21.
Rc1 1/2-1/2

[Event "Interclubs Adultes"]
[Site "Montpellier"]
[Date "2008.04.11"]
[Round "5.2"]
[White "Glek, Igor"]
[Black "Kritz, Leonid"]
[Result "1/2-1/2"]
[WhiteElo "2545"]
[BlackElo "2609"]
[PlyCount "56"]
[EventDate "11.??.??"]
[WhiteTeam "Vandoeuvre"]
[BlackTeam "Marseille Duchamps"]

1. e4 c5 2. Nf3 Nc6 3. Bb5 d6 4. O-O Bd7 5. Re1 Nf6 6. h3 Ne5 7. Nc3 g6 8. Nxe5
dxe5 9. d3 Bg7 10. f4 Bxb5 11. Nxb5 exf4 12. Bxf4 O-O 13. e5 Nd5 14. Bg3 Qb6
15. a4 Nc7 16. Nxc7 Qxc7 17. Qg4 Qc6 18. Bh4 Rfe8 19. Qc4 Rad8 20. Re4 Qd5 21.
Rae1 Qxc4 22. Rxc4 Rd5 23. Bf2 Bxe5 24. Rxc5 Rxc5 25. Bxc5 Bxb2 26. Rb1 Rc8 27.
Rxb2 Rxc5 28. Rxb7 Rxc2 1/2-1/2

[Event "Interclubs Adultes"]
[Site "Montpellier"]
[Date "2008.04.11"]
[Round "5.3"]
[White "Kosten, Anthony C"]
[Black "Landa, Konstantin"]
[Result "1/2-1/2"]
[WhiteElo "2496"]
[BlackElo "2633"]
[PlyCount "50"]
[EventDate "11.??.??"]
[WhiteTeam "Marseille Duchamps"]
[BlackTeam "Vandoeuvre"]

1. c4 e6 2. Nf3 Nf6 3. b3 b6 4. g3 Bb7 5. Bg2 Be7 6. O-O O-O 7. Bb2 d5 8. e3 c5
9. Nc3 Nc6 10. cxd5 Nxd5 11. Nxd5 exd5 12. d4 Ba6 13. Re1 c4 14. bxc4 Bxc4 15.
Nd2 Na5 16. Bc3 b5 17. Nxc4 Nxc4 18. Rb1 Rb8 19. Qh5 b4 20. Ba1 Rb5 21. e4 Na3
22. Qe2 dxe4 23. Bxe4 Bf6 24. Rbc1 Rb6 25. Bc6 Bxd4 1/2-1/2

[Event "Interclubs Adultes"]
[Site "Montpellier"]
[Date "2008.04.11"]
[Round "5.4"]
[White "Nezar, Mustapha"]
[Black "Boudre, Jean-Pierre"]
[Result "1-0"]
[WhiteElo "2397"]
[BlackElo "2327"]
[PlyCount "63"]
[EventDate "11.??.??"]
[WhiteTeam "Vandoeuvre"]
[BlackTeam "Marseille Duchamps"]

1. d4 Nf6 2. c4 e6 3. Nf3 Bb4+ 4. Bd2 c5 5. Bxb4 cxb4 6. g3 b6 7. Bg2 Bb7 8.
O-O O-O 9. Qa4 a5 10. a3 Na6 11. Nbd2 d6 12. Rfd1 Qc7 13. Ne1 Bxg2 14. Nxg2 e5
15. dxe5 dxe5 16. Ne3 bxa3 17. bxa3 Nc5 18. Qb5 Rfd8 19. Rab1 Rab8 20. Nf3
Rxd1+ 21. Rxd1 Nfe4 22. Qb2 f6 23. Nd5 Qf7 24. Ne3 h5 25. Nh4 Qe6 26. Nhf5 g6
27. Nh4 Kg7 28. Qc2 Qf7 29. f3 Ng5 30. Rd6 Nge6 31. Qd2 a4 32. Nd5 {Time} 1-0

[Event "Interclubs Adultes"]
[Site "Montpellier"]
[Date "2008.04.11"]
[Round "5.5"]
[White "Poisson, Olivier"]
[Black "Philippe, Christophe"]
[Result "0-1"]
[WhiteElo "2149"]
[BlackElo "2407"]
[PlyCount "46"]
[EventDate "11.??.??"]
[WhiteTeam "Marseille Duchamps"]
[BlackTeam "Vandoeuvre"]

1. d4 f5 2. c4 Nf6 3. Nc3 d6 4. Bg5 Nbd7 5. e3 g6 6. Bd3 Bg7 7. Nge2 e5 8. f3
O-O 9. O-O c6 10. g4 fxg4 11. f4 Qe8 12. fxe5 dxe5 13. Qc2 b6 14. Ng3 Bb7 15.
Rf2 exd4 16. exd4 Nh5 17. Nxh5 Bxd4 18. Nf4 Qe5 19. Ne4 Rxf4 20. Bxf4 Qxf4 21.
Kf1 Bxf2 22. Nxf2 Ne5 23. Re1 Rf8 0-1

[Event "Interclubs Adultes"]
[Site "Montpellier"]
[Date "2008.04.11"]
[Round "5.7"]
[White "Friburger, Thibault"]
[Black "Brunner, Nicolas"]
[Result "0-1"]
[WhiteElo "1831"]
[BlackElo "2404"]
[PlyCount "90"]
[EventDate "11.??.??"]
[WhiteTeam "Marseille Duchamps"]
[BlackTeam "Vandoeuvre"]

1. e4 c5 2. Nf3 d6 3. d4 cxd4 4. Nxd4 Nf6 5. Nc3 g6 6. f4 Nc6 7. Bb5 Bd7 8. h3
Bg7 9. Be3 O-O 10. Qd2 Nxd4 11. Qxd4 Ng4 12. e5 dxe5 13. fxe5 Bxe5 14. Qxd7
Qxd7 15. Bxd7 Nxe3 16. Kf2 Nxc2 17. Rac1 Rad8 18. Rxc2 Rxd7 19. Re1 Bd4+ 20.
Kf3 Rc7 21. Re4 e5 22. g4 f6 23. Ke2 Rfc8 24. Kd3 Kf7 25. Ree2 Ke6 26. Nb5 Bc5
27. Nxc7+ Rxc7 28. b4 Rd7+ 29. Kc4 Bb6 30. Red2 Bd4 31. Kb3 f5 32. gxf5+ gxf5
33. Rc8 f4 34. Rf8 Kd5 35. Re2 Be3 36. Re1 Ke4 37. Rc8 f3 38. Rc4+ Rd4 39.
Rxd4+ exd4 40. Kc2 f2 41. Rd1 b5 42. a3 h5 43. Rb1 h4 44. Ra1 Bf4 45. Rb1 Ke3
0-1

[Event "Interclubs Adultes"]
[Site "Montpellier"]
[Date "2008.04.11"]
[Round "5.7"]
[White "Bricard, Emmanuel"]
[Black "Conquest, Stuart C"]
[Result "1/2-1/2"]
[WhiteElo "2484"]
[BlackElo "2530"]
[PlyCount "112"]
[EventDate "11.??.??"]
[WhiteTeam "Mulhouse"]
[BlackTeam "Montpellier"]

1. e4 c5 2. Nc3 Nc6 3. g3 g6 4. Bg2 Bg7 5. d3 d6 6. Nge2 Rb8 7. a3 e6 8. O-O
Nge7 9. Bg5 O-O 10. Qd2 b5 11. Bh6 a5 12. Bxg7 Kxg7 13. f4 b4 14. axb4 axb4 15.
Nd1 f5 16. c4 Bb7 17. b3 Ra8 18. Ne3 Rxa1 19. Rxa1 Qb6 20. exf5 gxf5 21. Nc2
Na5 22. Rb1 Bxg2 23. Kxg2 Qb7+ 24. Kf2 Ng8 25. Qe3 Re8 26. h3 Nf6 27. Qf3 Qxf3+
28. Kxf3 h5 29. Nc1 Ra8 30. Ra1 Ra7 31. d4 Nc6 32. Rxa7+ Nxa7 33. Nd3 Ne4 34.
Ke3 Nc6 35. g4 hxg4 36. hxg4 Kg6 37. gxf5+ exf5 38. dxc5 dxc5 39. Ne5+ Nxe5 40.
fxe5 Ng5 41. Ne1 Ne6 42. Nf3 Kh5 43. Kf2 Kg4 44. Ke3 Kg3 45. Nd2 Kg4 46. Nf3
Kh5 47. Kd3 Ng7 48. Ke3 Kg4 49. Nh2+ Kg3 50. Nf1+ Kg2 51. Nd2 Ne6 52. Nf3 Kg3
53. Nd2 Kh3 54. Nf3 Kg4 55. Nh2+ Kh5 56. Nf3 Kg4 1/2-1/2

[Event "Interclubs Adultes"]
[Site "Montpellier"]
[Date "2008.04.12"]
[Round "6.1"]
[White "Pelletier, Yannick"]
[Black "Georgiev, Kiril"]
[Result "1/2-1/2"]
[WhiteElo "2607"]
[BlackElo "2665"]
[PlyCount "0"]
[EventDate "12.??.??"]
[WhiteTeam "Clichy"]
[BlackTeam "Mulhouse"]

1. d4 d5 2. c4 c6 3. Nf3 Nf6 4. e3 Bg4 5. h3 Bxf3 6. Qxf3 e6 7. Nc3 Nbd7 8. Bd2
Bd6 9. cxd5 exd5 10. Bd3 O-O 11. g4 Bb4 12. g5 Bxc3 13. Bxc3 Ne4 14. Bxe4 dxe4
15. Qxe4 Qxg5 16. O-O-O Nf6 17. Qf3 Qd5 18. Qxd5 Nxd5 19. e4 Nf4 20. Kb1 f5 21.
f3 Rae8 22. d5 fxe4 23. fxe4 Rxe4 24. dxc6 bxc6 25. Rd7 Rf7 26. Rd8+ Rf8
1/2-1/2

[Event "Interclubs Adultes"]
[Site "Montpellier"]
[Date "2008.04.12"]
[Round "6.2"]
[White "Georgiev, Vladimir"]
[Black "Fressinet, Laurent"]
[Result "1/2-1/2"]
[WhiteElo "2572"]
[BlackElo "2656"]
[PlyCount "0"]
[EventDate "12.??.??"]
[WhiteTeam "Mulhouse"]
[BlackTeam "Clichy"]

 1. d4 d5 2. c4 c6 3. Nf3 Nf6 4. Qc2 dxc4 5. Qxc4 Bf5 6. g3 e6 7. Bg2 Nbd7 8.
O-O Be7 9. Nc3 O-O 10. Re1 Bg6 11. h3 h6 12. e4 Rc8 13. Qe2 Re8 14. Bf4 Bb4 15.
Ne5 Nxe5 16. dxe5 Nd7 17. Red1 Qc7 18. Qc4 a5 19. a3 Bf8 20. Rac1 Nxe5 21. Qb3
Rcd8 22. Bxe5 Qxe5 23. Qxb7 Rb8 1/2-1/2

[Event "Interclubs Adultes"]
[Site "Montpellier"]
[Date "2008.04.12"]
[Round "6.4"]
[White "Wojtaszek, Radoslaw"]
[Black "Naiditsch, Arkadij"]
[Result "1/2-1/2"]
[WhiteElo "2625"]
[BlackElo "2623"]
[PlyCount "0"]
[EventDate "12.??.??"]
[WhiteTeam "Mulhouse"]
[BlackTeam "Clichy"]

1. d4 Nf6 2. c4 e6 3. Nf3 d5 4. Nc3 dxc4 5. e4 Bb4 6. Bg5 c5 7. e5 cxd4 8. Qa4+
Nc6 9. O-O-O Bd7 10. Ne4 Be7 11. exf6 gxf6 12. Bh4 a6 13. Qxc4 e5 14. Nxe5 Nxe5
15. Qxd4 Qc7+ 16. Qc3 Rc8 17. Qxc7 Rxc7+ 18. Kb1 Bf5 1/2-1/2

[Event "Interclubs Adultes"]
[Site "Montpellier"]
[Date "2008.04.12"]
[Round "6.5"]
[White "Tregubov, Pavel V"]
[Black "Wirig, Anthony"]
[Result "1-0"]
[WhiteElo "2629"]
[BlackElo "2477"]
[PlyCount "34"]
[EventDate "12.??.??"]
[WhiteTeam "Clichy"]
[BlackTeam "Mulhouse"]

1. d4 Nf6 2. Nf3 g6 3. c4 Bg7 4. g3 O-O 5. Bg2 c6 6. O-O d5 7. Qb3 dxc4 8. Qxc4
Na6 9. Nc3 Be6 10. Qa4 Nd5 11. Qd1 Nxc3 12. bxc3 Qa5 13. Bd2 Bc4 14. Re1 Rad8
15. Qc1 Nc7 16. e4 Ne6 17. a4 Qc7 18. Bh6 Rfe8 19. Bxg7 Kxg7 20. Qb2 Nf8 21.
Nd2 Ba6 22. e5 c5 23. Ne4 b6 24. d5 Bc4 25. d6 Qb8 26. Rad1 exd6 27. Nxd6 Rxd6
28. exd6 Rxe1+ 29. Rxe1 Qxd6 30. a5 Nd7 31. axb6 axb6 32. Qc1 Nf6 33. Qe3 b5
34. Qe5 Qxe5 35. Rxe5 Nd7 36. Re7 Nb6 37. Rc7 Na4 38. Bf1 Bxf1 39. Kxf1 c4 40.
Ke1 Nxc3 41. Kd2 Ne4+ 42. Ke3 Nc3 43. Kd4 Nd1 44. f3 c3 45. Rb7 c2 46. Rc7 Nb2
47. Rxc2 Nc4 48. Kc5 Kf6 49. Rc3 Ne5 50. Kxb5 h5 51. Kc5 h4 52. Kd4 hxg3 53.
hxg3 Nd7 54. Ke4 Kg7 55. Rc6 Nf6+ 56. Ke5 Nd7+ 57. Kd6 Nf6 58. g4 Nh7 59. Ke7
Ng5 60. Rf6 1-0

[Event "Interclubs Adultes"]
[Site "Montpellier"]
[Date "2008.04.12"]
[Round "6.6"]
[White "Bricard, Emmanuel"]
[Black "Edouard, Romain"]
[Result "0-1"]
[WhiteElo "2484"]
[BlackElo "2509"]
[PlyCount "0"]
[EventDate "12.??.??"]
[WhiteTeam "Mulhouse"]
[BlackTeam "Clichy"]

 1. d4 Nf6 2. c4 c5 3. d5 e6 4. Nc3 exd5 5. cxd5 d6 6. e4 g6 7. Nge2 Bg7 8. Ng3
O-O 9. Be2 Na6 10. O-O Nc7 11. a4 Nd7 12. Bf4 Ne5 13. Qd2 h5 14. Bh6 h4 15. Nh1
f5 16. Bxg7 Kxg7 17. f4 Nf7 18. Nf2 Qf6 19. Rab1 b6 20. b4 Na6 21. Bxa6 Bxa6
22. Rfe1 Rfe8 23. b5 Bc8 24. Re2 Bd7 25. Rbe1 Qd4 26. Qb2 Kg8 27. Kh1 Rad8 28.
Re3 Re7 29. Qe2 Rde8 30. Qf3 fxe4 31. Rxe4 Rxe4 32. Rxe4 Rxe4 33. Nfxe4 Bf5 34.
h3 Bxe4 35. Nxe4 Qxa4 36. Qd3 Kf8 37. g4 hxg3 38. Kg2 c4 39. Qd4 Qxb5 40. Ng5
c3 41. Nh7+ Ke8 42. Nf6+ Ke7 43. Qxc3 Qc5 0-1

[Event "Interclubs Adultes"]
[Site "Montpellier"]
[Date "2008.04.12"]
[Round "6.7"]
[White "Apicella, Manuel"]
[Black "Riff, Jean-Noel"]
[Result "1-0"]
[WhiteElo "2532"]
[BlackElo "2487"]
[PlyCount "0"]
[EventDate "12.??.??"]
[WhiteTeam "Clichy"]
[BlackTeam "Mulhouse"]

 1. e4 c5 2. Nf3 d6 3. d4 Nf6 4. Nc3 cxd4 5. Nxd4 e6 6. Be2 Be7 7. O-O O-O 8.
Be3 Nc6 9. f4 Qc7 10. Kh1 Nxd4 11. Bxd4 e5 12. Be3 exf4 13. Bxf4 Be6 14. Qd3
Rac8 15. Qg3 Kh8 16. Rad1 Rfd8 17. e5 dxe5 18. Bxe5 Qc5 19. Bd3 Ng4 20. Bf4 g5
21. Bd2 Qe5 22. Ne4 Qxg3 23. Nxg3 h6 24. h3 Ne5 25. Bc3 Rxc3 26. bxc3 Rc8 27.
Bf5 Rxc3 28. Bxe6 fxe6 29. Rfe1 Rc5 30. Ne4 Ra5 31. Nd6 Bf6 32. Rf1 Bg7 33.
Nf7+ Kh7 34. Nxe5 Bxe5 35. Rd7+ Kg6 36. Re7 Ra6 37. Re1 Kf6 38. Rh7 h5 39. Rxh5
Kg6 40. g4 Bf6 41. c4 Rxa2 42. Rxe6 Rf2 43. Rh8 Kf7 44. Rhe8 Rf4 45. Re4 Rxe4
46. Rxe4 a5 47. Re2 b6 48. Kg2 Be7 49. Kf3 a4 50. Ke4 a3 51. Kf5 Bf6 52. Ra2
Bb2 53. Kxg5 Ke6 54. Kf4 Kd6 55. Ke4 Kc5 56. Kd3 Kb4 57. Rxb2+ 1-0

[Event "Interclubs Adultes"]
[Site "Montpellier"]
[Date "2008.04.12"]
[Round "6.8"]
[White "Muller, Anne"]
[Black "Skripchenko, Almira"]
[Result "0-1"]
[WhiteElo "2165"]
[BlackElo "2443"]
[PlyCount "0"]
[EventDate "12.??.??"]
[WhiteTeam "Mulhouse"]
[BlackTeam "Clichy"]

 1. e4 e5 2. Nf3 Nc6 3. Bc4 Nf6 4. d3 Be7 5. c3 O-O 6. Bb3 d5 7. Qe2 Bg4 8. O-O
h6 9. Re1 a6 10. Nbd2 Re8 11. Nf1 Bf8 12. Ng3 Qd7 13. h3 Be6 14. Nh4 Rad8 15.
Qf3 Kh7 16. Bc2 d4 17. Qe2 Ng8 18. Rf1 g6 19. Nf3 Bg7 20. Bd2 Nge7 21. Nh2 dxc3
22. bxc3 Bc4 23. Bxh6 Bxd3 24. Bxd3 Qxd3 25. Bxg7 Kxg7 26. Qg4 Rh8 27. Rac1 Qd7
28. Rfd1 Qxg4 29. Nxg4 f5 30. exf5 gxf5 31. Nh2 Kf6 32. Ne2 Rd6 33. Kf1 Na5 34.
Nf3 Nc4 35. Ke1 Rhd8 36. Rxd6+ Rxd6 37. Rd1 Nd5 38. Nd2 Nb2 39. Rb1 Nd3+ 40.
Kf1 b6 41. g3 a5 42. h4 Ne7 43. Nf3 e4 44. Nfd4 Ng6 45. f3 Nc5 46. Kf2 exf3 47.
Kxf3 Ne4 48. Rc1 c5 49. Nc2 Ne5+ 50. Kg2 Rd2 0-1

[Event "Interclubs Adultes"]
[Site "Montpellier"]
[Date "2008.04.12"]
[Round "6.1"]
[White "Prie, Eric"]
[Black "Delchev, Aleksander"]
[Result "0-1"]
[WhiteElo "2520"]
[BlackElo "2639"]
[PlyCount "52"]
[EventDate "12.??.??"]
[WhiteTeam "Montpellier"]
[BlackTeam "Marseille Echecs"]

1. d4 Nf6 2. Nf3 e6 3. Bf4 b6 4. e3 Bb7 5. h3 d6 6. Nbd2 Nbd7 7. Bd3 g6 8. Qe2
Bg7 9. O-O O-O 10. Rfd1 a6 11. a4 Qe7 12. Bc4 e5 13. dxe5 dxe5 14. Bh2 e4 15.
Nd4 Ne8 16. c3 Ne5 17. Bxe5 Bxe5 18. Bb3 c5 19. Nc2 Bc7 20. Na3 Nf6 21. Nf1 Bc6
22. Bc4 Bxa4 23. b3 Bc6 24. Bxa6 Nd5 25. Rac1 Be5 26. Nb1 Nc7 0-1